Most developed countries - Statistics

General Stats
  • This quiz has been taken 100 times
  • The average score is 17 of 20
Answer Stats
# Score Answer % Correct
19 .891 Japan
98%
9 .913 Canada
97%
1 .944 Norway
95%
6 .916 Germany
94%
13 .907 Sweden
94%
2 .935 Australia
93%
4 .923 Denmark
93%
5 .922 Netherlands
93%
3 .930 Switzerland
92%
20 .890 Belgium
91%
10 .913 New Zealand
91%
8 .915. United States
90%
16 .898 South Korea
89%
14 .907 United Kingdom
85%
18 .892 Luxembourg
82%
15 .899 Iceland
81%
7 .916 Ireland
76%
11 .912 Singapore
75%
12 .908 Liechtenstein
69%
17 .894 Israel
56%
No matching quizzes found
Score Distribution
Percent of People with Each Score
Percentile by Number Answered
Your Score History
You have not taken this quiz